000
00291 a2200145 4500
001
168916
020
_a
040
_c
Magnum
100
_a
Rodrigues, Aroldo
240
1
0
_a
Psicologia social
_l
por
245
1
0
_a
Psicologia social
362
0
_a
1899
697
_a
PSICOLOGIA
942
_c
BK
999
_c
168916
_d
168916